Chancellors of Germany by Picture - Statistics

General Stats
  • This quiz has been taken 114 times
    19 since last reset
  • The average score is 15 of 34
Answer Stats
Picture Hint Answer % Correct
1933-1945 Adolf Hitler
100%
2005-2021 Angela Merkel
100%
2025-Present Friedrich Merz
94%
2021-2025 Olaf Scholz
94%
1945 Joseph Goebbels
89%
1867-1890 Otto von Bismarck
89%
1998-2005 Gerhard Schröder
83%
1982-1998 Helmut Kohl
83%
1949-1963 Konrad Adenauer
83%
1974-1982 Helmut Schmidt
72%
1969-1974 Willy Brandt
72%
1963-1966 Ludwig Erhard
56%
1966-1969 Kurt Georg Kiesinger
44%
1932 Franz von Papen
28%
1932-1933 Kurt von Schleicher
28%
1900-1909 Bernhard von Bülow
22%
1894-1900 Chlodwig, Prince of Hohenlohe-Schillingsfürst
22%
1920-1921 Constantin Fehrenbach
22%
1918-1919 Friedrich Ebert
22%
1923 Gustav Stresemann
22%
1890-1894 Leo von Caprivi
22%
1918 Max von Baden
22%
1919 Philipp Scheidemann
22%
1909-1917 Theobald von Bethmann Hollweg
22%
1923-1925 | 1926-1928 Wilhelm Marx
22%
1917 Georg Michaelis
17%
1919-1920 Gustav Bauer
17%
1925-1926 Hans Luther
17%
1930-1932 Heinrich Brüning
17%
1920 | 1928-1930 Hermann Müller
17%
1921-1922 Joseph Wirth
17%
1922-1923 Wilhelm Cuno
17%
1917-1918 Georg von Hertling
11%
1945 Lutz Graf Schwerin von Krosigk
11%
No matching quizzes found
Score Distribution
Percent of People with Each Score
Percentile by Number Answered
Your Score History
You have not taken this quiz since the last reset